|
|
|
|
| LEADER |
00000cam a2200000 a 4500 |
| 001 |
72916 |
| 003 |
Ucuenca |
| 005 |
20230308170028.0 |
| 008 |
000000|1968 sp |||||r|||||||||||spa|| |
| 040 |
|
|
|b spa
|
| 041 |
1 |
|
|a spa
|
| 082 |
0 |
|
|a 531.2
|
| 100 |
1 |
|
|a Saliger, Rudolg
|9 54871
|
| 245 |
|
|
|a Estática aplicada al cálculo de estructuras y al hormigón armado
|c Rudolf Salinger, traductor Joaquín Gay
|h imp
|
| 246 |
|
1 |
|a Praktische statik
|
| 250 |
|
|
|a 4a ed.
|
| 264 |
|
|
|a Barcelona
|b Labor
|c 1968
|
| 300 |
|
|
|a xiii, 995 páginas:
|b gra
|c 23.5 cm
|
| 500 |
|
|
|a Con 780 figuras intercaladas en el texto y una lámina despegable
|
| 504 |
|
|
|a incl. ref.
|
| 650 |
|
0 |
|a Resistencia de materiales
|9 12468
|
| 650 |
|
0 |
|a Vigas
|9 33703
|
| 650 |
|
0 |
|a Arcos
|9 33436
|
| 650 |
|
0 |
|a Bovedas
|9 33380
|
| 650 |
|
0 |
|a Cupulas
|9 38235
|
| 650 |
|
0 |
|a Porticos
|9 38158
|
| 852 |
|
|
|a UC-CDJBV
|f Compra
|l 1
|m General
|p 00000000
|r 2
|t 72916
|b 0
|d CDRC
|e CDRC
|g 531.2 SEGUNDO PISO
|z 0000-00-00
|
| 942 |
|
|
|c BK
|2 ddc
|z jenny.perez@ucuenca.edu.ec
|0 1
|
| 999 |
|
|
|c 30858
|d 30858
|